000 00389nam a2200133Ia 4500
008 151015s9999 xx 000 0 und d
020 _a1841524174
050 _aHJ9861.A3 2007
250 _a_Accounting Study Manual
300 _aEngland Institute of Chartered Accountants in England 2007
500 _aIncludes Index
650 _a_Accounting
700 _a^d20110127 11:58:29^okilerai
999 _c1184
_d1184